Phân lập, sàng lọc hoạt tính kháng khuẩn và định danh các chủng vi nấm được phân lập từ trầm tích biển của vùng Thanh Lân, Cô Tô, Việt Nam /

محفوظ في:
التفاصيل البيبلوغرافية
المؤلف الرئيسي: Lê Thị Hồng Minh.
مؤلفون آخرون: Đoàn Thị Mai Hương., Châu Văn Minh., Nguyễn Mai Anh., Phạm Văn Cường., Vũ Thị Quyên., Vũ Thi Thu Huyền.
التنسيق: مقال
اللغة:Vietnamese
الموضوعات:
MIC
الوسوم: إضافة وسم
لا توجد وسوم, كن أول من يضع وسما على هذه التسجيلة!
Thư viện lưu trữ: Thư viện Trường Đại học Đà Lạt
LEADER 01217nam a2200361 4500
001 DLU210195510
005 ##20210104
040 # # |a DLU  |b vie 
041 # # |a vie 
044 # # |a vn 
100 # # |a Lê Thị Hồng Minh. 
245 # # |a Phân lập, sàng lọc hoạt tính kháng khuẩn và định danh các chủng vi nấm được phân lập từ trầm tích biển của vùng Thanh Lân, Cô Tô, Việt Nam /  |c Lê Thị Hồng Minh, ...[và những người khác]. 
653 # # |a Hoạt tính kháng khuẩn 
653 # # |a MIC 
653 # # |a Trình tự gen 18S rRNA 
653 # # |a Trầm tích biển 
653 # # |a Vi nấm 
700 # # |a Đoàn Thị Mai Hương. 
700 # # |a Châu Văn Minh. 
700 # # |a Nguyễn Mai Anh. 
700 # # |a Phạm Văn Cường. 
700 # # |a Vũ Thị Quyên. 
700 # # |a Vũ Thi Thu Huyền. 
773 # # |t Tạp chí Công nghệ Sinh học  |g Số 16(4), 2018, tr. 721-728 
920 # # |a Phòng Tạp chí -- Trung tâm Thông tin - Thư viện Trường Đại học Đà Lạt 
994 # # |a DLU 
900 # # |a True 
911 # # |a Hoàng Thị Huyền 
925 # # |a G 
926 # # |a A 
927 # # |a BB 
980 # # |a Thư viện Trường Đại học Đà Lạt